[Event "RUS-ch Men Blitz 2019"]
[Site "Sochi"]
[Date "2019.10.17"]
[Round "11.7"]
[White "Nesterov, Arseniy"]
[Black "Savchenko, Boris"]
[Result "0-1"]
[WhiteElo "2484"]
[BlackElo "2581"]
[Annotator "ChessBase"]
[PlyCount "64"]
[EventDate "2019.10.17"]
[EventType "swiss"]
[EventCountry "RUS"]
[SourceTitle "playchess.com"]
[Source "ChessBase"]
[SourceQuality "1"]
[TimeControl "180+2"]

1. Nf3 {[%emt 0:00:00]} Nf6 {[%emt 0:00:00]} 2. c4 {[%emt 0:00:00]} g6 {[%emt 0:00:02]} 3. Nc3 {[%emt 0:00:01]} d5 {[%emt 0:00:02]} 4. cxd5 {[%emt 0:00:02]} Nxd5 {[%emt 0:00:02]} 5. Qc2 {[%emt 0:00:01]} Bg7 {[%emt 0:00:02]} 6. e4 {[%emt 0:00:02]} Nb6 {[%emt 0:00:39]} 7. d4 {[%emt 0:00:06]} Bg4 {[%emt 0:00:03]} 8. Be3 {[%emt 0:00:34]} Bxf3 {[%emt 0:00:16]} 9. gxf3 {[%emt 0:00:01]} Bxd4 {[%emt 0:00:02]} 10. Nb5 {[%emt 0:00:25]} Nc6 {[%emt 0:00:22]} 11. Rd1 {[%emt 0:00:23]} e5 {[%emt 0:00:03]} 12. Nxd4 {[%emt 0:00:16]} Nxd4 {[%emt 0:00:02]} 13. Bxd4 {[%emt 0:00:28]} exd4 {[%emt 0:00:02]} 14. Qc5 {[%emt 0:00:01]} Qe7 {[%emt 0:00:18]} 15. Bb5+ {[%emt 0:00:03]} c6 {[%emt 0:00:01]} 16. Bxc6+ {[%emt 0:00:38]} bxc6 {[%emt 0:00:02]} 17. Qxc6+ {[%emt 0:00:01]} Kf8 {[%emt 0:00:02]} 18. O-O {[%emt 0:00:17]} Rc8 {[%emt 0:00:07]} 19. Qb5 {[%emt 0:00:01]} Rc5 {[%emt 0:00:01]} 20. Qd3 {[%emt 0:00:03]} Qg5+ {[%emt 0:00:08]} 21. Kh1 {[%emt 0:00:01]} Qf4 {[%emt 0:00:01]} 22. Qa3 {[%emt 0:00:09]} Qd6 {[%emt 0:00:18]} 23. Qxa7 {[%emt 0:00:06]} Kg7 {[%emt 0:00:03]} 24. Qa3 {[%emt 0:00:01]} Rd8 {[%emt 0:00:03]} 25. Rd3 {[%emt 0:00:05]} Nc4 {[%emt 0:00:03]} 26. Qb4 {[%emt 0:00:01]} Ne5 {[%emt 0:00:03]} 27. Rb3 {[%emt 0:00:01]} d3 {[%emt 0:00:03]} 28. f4 {[%emt 0:00:01]} Nf3 {[%emt 0:00:07]} 29. Kg2 {[%emt 0:00:03]} Qxf4 {[%emt 0:00:17]} 30. Qxc5 {[%emt 0:00:02]} Qg4+ {[%emt 0:00:01]} 31. Kh1 {[%emt 0:00:01]} Qh3 {[%emt 0:00:01]} 32. Qc3+ {[%emt 0:00:01]} Kg8 {[%emt 0:00:01]} 0-1

[Event "RUS-ch Men Blitz 2019"]
[Site "Sochi"]
[Date "2019.10.17"]
[Round "11.8"]
[White "Korchmar, Vasiliy"]
[Black "Tsydypov, Zhamsaran"]
[Result "0-1"]
[WhiteElo "2432"]
[BlackElo "2553"]
[Annotator "ChessBase"]
[PlyCount "56"]
[EventDate "2019.10.17"]
[EventType "swiss"]
[EventCountry "RUS"]
[SourceTitle "playchess.com"]
[Source "ChessBase"]
[SourceQuality "1"]
[TimeControl "180+2"]

1. d4 {[%emt 0:00:00]} d5 {[%emt 0:00:00]} 2. c4 {[%emt 0:00:01]} c6 {[%emt 0:00:01]} 3. Nf3 {[%emt 0:00:01]} Nf6 {[%emt 0:00:02]} 4. g3 {[%emt 0:00:01]} dxc4 {[%emt 0:00:06]} 5. Bg2 {[%emt 0:00:02]} b5 {[%emt 0:00:03]} 6. Ne5 {[%emt 0:00:02]} Bb7 {[%emt 0:00:01]} 7. O-O {[%emt 0:00:03]} Qc8 {[%emt 0:00:04]} 8. b3 {[%emt 0:00:02]} cxb3 {[%emt 0:00:03]} 9. axb3 {[%emt 0:00:01]} Nbd7 {[%emt 0:00:07]} 10. Bb2 {[%emt 0:00:06]} e6 {[%emt 0:00:05]} 11. Nc3 {[%emt 0:00:09]} a6 {[%emt 0:00:03]} 12. Rc1 {[%emt 0:00:21]} Be7 {[%emt 0:00:10]} 13. Nd3 {[%emt 0:00:48]} O-O {[%emt 0:00:10]} 14. Ne4 {[%emt 0:00:00]} Nxe4 {[%emt 0:00:06]} 15. Bxe4 {[%emt 0:00:02]} a5 {[%emt 0:00:01]} 16. Qc2 {[%emt 0:00:17]} Nf6 {[%emt 0:00:09]} 17. Bf3 {[%emt 0:00:02]} a4 {[%emt 0:00:07]} 18. bxa4 {[%emt 0:00:05]} Rxa4 {[%emt 0:00:03]} 19. Ne5 {[%emt 0:00:09]} Nd5 {[%emt 0:00:08]} 20. Nxc6 {[%emt 0:00:17]} Bf6 {[%emt 0:00:12]} 21. e4 {[%emt 0:00:31]} Rc4 {[%emt 0:00:05]} 22. Qb3 {[%emt 0:00:12]} Qxc6 {[%emt 0:00:21]} 23. exd5 {[%emt 0:00:04]} exd5 {[%emt 0:00:01]} 24. Be2 {[%emt 0:00:07]} Bxd4 {[%emt 0:00:16]} 25. Ba3 {[%emt 0:00:15]} Rc8 {[%emt 0:00:06]} 26. Rb1 {[%emt 0:00:08]} Ba6 {[%emt 0:00:23]} 27. Bxc4 {[%emt 0:00:02]} dxc4 {[%emt 0:00:02]} 28. Qd1 {[%emt 0:00:00]} Bb7 {[%emt 0:00:01]} 0-1

[Event "RUS-ch Men Blitz 2019"]
[Site "Sochi"]
[Date "2019.10.17"]
[Round "11.9"]
[White "Rublevsky, Sergei"]
[Black "Lugovskoy, Maxim"]
[Result "1-0"]
[WhiteElo "2651"]
[BlackElo "2436"]
[Annotator "TA"]
[PlyCount "75"]
[EventDate "2019.10.17"]
[EventType "swiss"]
[EventCountry "RUS"]
[SourceTitle "playchess.com"]
[Source "ChessBase"]
[SourceQuality "1"]

{[%evp 10,75,73,87,102,79,93,27,28,0,0,0,7,-9,27,5,4,4,4,0,20,-4,0,0,238,238,229,154,167,112,118,110,166,180,172,152,155,152,199,197,245,218,220,221,218,172,220,143,180,174,221,142,168,150,302,295,403,352,408,264,386,386,1008,985,953,883,29992,29989]} 1. e4 e6 2. d4 d5 3. Nd2 Nf6 4. Bd3 Nc6 5. e5 Nd7 6. c3 g6 {C04: French Tarrasch: 3...Nc6} 7. Ndf3 Bg7 8. Bg5 $146 (8. Ne2 $16) ({Predecessor:} 8. Nh3 f6 9. exf6 Qxf6 10. Bg5 Qf7 11. Bh4 O-O 12. Nfg5 Qe7 13. f4 Bf6 14. O-O {1-0 (23) Haring,V (2282)-Kostolansky,S (2154) Senica 2017}) 8... f6 $11 {White has an edge.} 9. exf6 Bxf6 10. Bxf6 Qxf6 11. Ne2 O-O 12. Bb5 e5 {[#] Hoping for ...e4.} 13. O-O e4 14. Nd2 {[%cal Bf3d2,Bd2e4,Be4c5,Bc5d3,Bd3e5][%mdl 32]} Ne7 15. Bxd7 Bxd7 16. Qb3 c6 $2 (16... Be6 $11) 17. Nxe4 $1 $18 ({Stronger than} 17. Qxb7 Qd6 $11) 17... Qh4 18. Nc5 Bc8 19. Ng3 ({Don't blunder} 19. Nxb7 $2 Rb8 $19) ({White should try} 19. Rae1 $18) 19... b6 $16 20. Nd3 Nf5 (20... Ba6 $16 {was necessary.}) 21. Ne5 $18 Qf6 22. Nxf5 Bxf5 23. f3 h5 24. Rae1 Kh7 25. Qa3 a5 26. g4 Bc8 27. b3 Ra7 28. Qc1 Rg7 29. Qe3 c5 30. Rf2 cxd4 31. cxd4 h4 $2 (31... Qf4 $16 {is a better defense.} 32. Rc2 Bd7) 32. Rc2 Re7 33. Qf2 Qg5 34. Rec1 {[%cal Be1c1,Bc1c6,Bc6g6][%mdl 32]} Ba6 (34... Bd7 $142 35. h3 Be8) 35. Rc7 {[#] f4! is the strong threat.} Rfe8 $2 (35... Kg8 36. Kg2 Re6) 36. f4 Qf6 37. R1c6 Qh8 38. Rxg6 {Accuracy: White = 51%, Black = 21%.} 1-0

[Event "RUS-ch Men Blitz 2019"]
[Site "Sochi"]
[Date "2019.10.17"]
[Round "11.10"]
[White "Sysolyatin, Evgeny"]
[Black "Lysyj, Igor"]
[Result "0-1"]
[WhiteElo "2271"]
[BlackElo "2596"]
[Annotator "ChessBase"]
[PlyCount "96"]
[EventDate "2019.10.17"]
[EventType "swiss"]
[EventCountry "RUS"]
[SourceTitle "playchess.com"]
[Source "ChessBase"]
[SourceQuality "1"]
[TimeControl "180+2"]

1. e4 {[%emt 0:00:00]} e5 {[%emt 0:00:00]} 2. Nf3 {[%emt 0:00:00]} Nc6 {[%emt 0:00:01]} 3. d4 {[%emt 0:00:02]} exd4 {[%emt 0:00:01]} 4. Nxd4 {[%emt 0:00:01]} Nf6 {[%emt 0:00:02]} 5. Nxc6 {[%emt 0:00:03]} bxc6 {[%emt 0:00:01]} 6. Bd3 {[%emt 0:00:07]} d5 {[%emt 0:00:03]} 7. exd5 {[%emt 0:00:05]} cxd5 {[%emt 0:00:02]} 8. O-O {[%emt 0:00:02]} Be7 {[%emt 0:00:02]} 9. Nc3 {[%emt 0:00:15]} O-O {[%emt 0:00:03]} 10. Bg5 {[%emt 0:00:02]} c6 {[%emt 0:00:05]} 11. h3 {[%emt 0:00:04]} Rb8 {[%emt 0:00:24]} 12. Rb1 {[%emt 0:00:28]} h6 {[%emt 0:00:03]} 13. Bh4 {[%emt 0:00:03]} Rb4 {[%emt 0:00:04]} 14. Bg3 {[%emt 0:00:05]} Bd6 {[%emt 0:00:04]} 15. Qf3 {[%emt 0:00:04]} Re8 {[%emt 0:00:05]} 16. a3 {[%emt 0:00:06]} Rb7 {[%emt 0:00:14]} 17. b4 {[%emt 0:00:40]} Rbe7 {[%emt 0:00:03]} 18. Na4 {[%emt 0:00:07]} Bxg3 {[%emt 0:00:22]} 19. Qxg3 {[%emt 0:00:02]} Re5 {[%emt 0:00:35]} 20. f4 {[%emt 0:00:13]} Re3 {[%emt 0:00:07]} 21. Rf3 {[%emt 0:00:00]} R3e7 {[%emt 0:00:18]} 22. Nc5 {[%emt 0:00:07]} Qd6 {[%emt 0:00:03]} 23. f5 {[%emt 0:00:40]} Qxg3 {[%emt 0:00:08]} 24. Rxg3 {[%emt 0:00:01]} Re1+ {[%emt 0:00:11]} 25. Rxe1 {[%emt 0:00:01]} Rxe1+ {[%emt 0:00:01]} 26. Kf2 {[%emt 0:00:01]} Ra1 {[%emt 0:00:02]} 27. a4 {[%emt 0:00:05]} Kf8 {[%emt 0:00:02]} 28. Re3 {[%emt 0:00:02]} Nd7 {[%emt 0:00:11]} 29. Nxd7+ {[%emt 0:00:11]} Bxd7 {[%emt 0:00:01]} 30. a5 {[%emt 0:00:04]} c5 {[%emt 0:00:01]} 31. Re5 {[%emt 0:00:13]} cxb4 {[%emt 0:00:08]} 32. Rxd5 {[%emt 0:00:00]} Ke7 {[%emt 0:00:01]} 33. Rd4 {[%emt 0:00:02]} Rxa5 {[%emt 0:00:02]} 34. Rxb4 {[%emt 0:00:01]} Bxf5 {[%emt 0:00:02]} 35. Rb7+ {[%emt 0:00:03]} Kf6 {[%emt 0:00:03]} 36. Ke3 {[%emt 0:00:07]} Be6 {[%emt 0:00:05]} 37. c4 {[%emt 0:00:04]} Ke5 {[%emt 0:00:03]} 38. h4 {[%emt 0:00:02]} g5 {[%emt 0:00:02]} 39. hxg5 {[%emt 0:00:01]} hxg5 {[%emt 0:00:01]} 40. g3 {[%emt 0:00:01]} f5 {[%emt 0:00:03]} 41. Rg7 {[%emt 0:00:02]} f4+ {[%emt 0:00:03]} 42. gxf4+ {[%emt 0:00:01]} gxf4+ {[%emt 0:00:01]} 43. Kd2 {[%emt 0:00:00]} Ra2+ {[%emt 0:00:03]} 44. Kc3 {[%emt 0:00:01]} Ra3+ {[%emt 0:00:01]} 45. Kd2 {[%emt 0:00:01]} Kd4 {[%emt 0:00:06]} 46. Be2 {[%emt 0:00:07]} f3 {[%emt 0:00:06]} 47. Bf1 {[%emt 0:00:02]} Ra2+ {[%emt 0:00:01]} 48. Ke1 {[%emt 0:00:01]} Ke5 0-1

[Event "RUS-ch Men Blitz 2019"]
[Site "Sochi"]
[Date "2019.10.17"]
[Round "11.11"]
[White "Khismatullin, Denis"]
[Black "Gubsky, Egor"]
[Result "1/2-1/2"]
[WhiteElo "2611"]
[BlackElo "2339"]
[Annotator "TA"]
[PlyCount "110"]
[EventDate "2019.10.17"]
[EventType "swiss"]
[EventCountry "RUS"]
[SourceTitle "playchess.com"]
[Source "ChessBase"]
[SourceQuality "1"]

{[%evp 11,110,22,30,-36,7,0,0,0,11,0,20,16,15,0,0,0,0,0,4,0,15,4,7,0,10,10,27,0,0,0,33,27,34,26,307,70,123,48,45,0,0,0,0,0,0,0,0,0,462,459,460,356,612,361,415,221,202,196,192,193,166,158,168,8,8,8,8,5,6,0,0,0,0,0,0,0,20,0,0,0,0,-85,-18,-80,-8,-101,0,0,0,-81,-96,-167,0,0,0,0,0,0,0,0,0]} 1. b3 g6 2. Bb2 Nf6 3. g3 Bg7 4. Bg2 O-O 5. c4 c5 6. Nc3 Nc6 7. Nh3 {A36: Symmetrical English vs ...g6: 4 Bg2 Bg7} (7. e3 $11) (7. e3 Nb4 8. d3 d5 9. a3 Nc6 10. Nge2 dxc4 11. bxc4 Ne5 12. Nc1 Bg4 13. f3 Be6 14. Qe2 Qd7 {0-1 (37) Svidler,P (2729)-Gelfand,B (2686) Amsterdam 2019}) 7... b6 (7... d5 $5) 8. Nf4 Bb7 9. O-O e6 $146 ({Predecessor:} 9... Rb8 10. d3 Nd4 11. f3 Nf5 12. Qd2 Bh6 13. Ne4 Nh5 {1-0 (44) Dimitrov,V (2454)-Pena Torres,J (2151) Vilagarcia de Arousa 2006}) 10. d3 a6 11. Qd2 Qc7 12. Ne4 Nxe4 13. dxe4 Bxb2 14. Qxb2 d6 15. Rfd1 Rad8 16. h4 $40 {[%mdl 128] White mounts an attack.} h5 17. Rd2 Qe7 18. Rad1 Rd7 19. Nh3 Rfd8 20. f4 b5 21. e3 Ba8 22. Ng5 Rb7 $2 {[%mdl 8192]} (22... f6 $11 23. Nf3 Bb7) 23. Qc3 $2 ({White should play} 23. e5 $18 Rbd7 24. exd6 Rxd6 25. Rxd6 Rxd6 26. Rxd6 Qxd6 27. Qh8+ $1 {[%mdl 576] Deflection, Decoy} Kxh8 28. Nxf7+ {[%mdl 64] Double Attack} Kg8 29. Nxd6) 23... Rbd7 ({Better is} 23... Rbb8 $14) 24. Bf3 ({White should try} 24. Bh3 $16) 24... Bb7 $14 25. g4 f6 {Hoping for ...b4.} 26. Nh3 hxg4 27. Bxg4 f5 28. Bf3 {And now Ng5 would win.} Qxh4 29. Ng5 {[#]} Qh8 $2 {[%mdl 8192]} (29... Ne5 $1 $11 {[%mdl 512]} 30. Rf1 (30. fxe5 b4) 30... fxe4) 30. Qxh8+ $18 Kxh8 31. Nxe6 Re8 $2 (31... Rc8 32. Rh2+ Kg8 33. exf5 Nd8) 32. exf5 Na5 33. Bd5 (33. Bg4 $142) 33... gxf5 34. Rh2+ Rh7 35. Rxh7+ $1 Kxh7 36. Kf2 bxc4 37. bxc4 $2 (37. Ng5+ $18 Kg7 38. Bxc4) 37... Bxd5 $11 38. cxd5 $16 {[%mdl 4096] Endgame KRN-KRN} Rb8 39. Kf3 Rb2 40. Rh1+ Kg6 41. Rg1+ Kf6 42. Rh1 Nc4 43. Rh6+ Ke7 44. Rh7+ Kf6 45. Ng5 Rxa2 46. Rh6+ (46. Rd7 $11 {remains equal.}) 46... Kg7 (46... Ke7 $1 $17 {Threatens to win with ...Ra3.} 47. e4 Nd2+ 48. Ke3 Nxe4 49. Nxe4 Ra3+ 50. Ke2 fxe4 51. Re6+ Kd7 52. Rxe4 Rh3) 47. Re6 (47. Rh7+ $1 $11 Kf8 48. Ne6+ Kg8 49. Rg7+ Kh8 50. Rd7) 47... a5 (47... Ra3 $17 {Threatening ...Rd3.} 48. Kf2 Rd3 49. Re7+ Kf8) 48. Re7+ (48. e4 $11 {keeps the balance.} fxe4+ 49. Nxe4) 48... Kf6 49. Re6+ Kg7 50. Re7+ {[#]} Kf8 $1 {[%cal Rf8e7]} 51. Rd7 {[#]} (51. Ra7 $17 {was necessary.}) 51... Ra3 $2 (51... Ke8 $1 $19 52. Ra7 Nd2+ 53. Ke2 c4) 52. Nh7+ $11 {The position is equal.} Ke8 53. Nf6+ Kf8 54. Nh7+ Kg8 (54... Ke8 $5 55. Nf6+ $8 Kf8 56. Nh7+ $11) 55. Nf6+ Kf8 {Accuracy: White = 31%, Black = 33%.} 1/2-1/2

[Event "RUS-ch Men Blitz 2019"]
[Site "Sochi"]
[Date "2019.10.17"]
[Round "11.12"]
[White "Triapishko, Alexandr"]
[Black "Savitskiy, Sergey"]
[Result "1/2-1/2"]
[WhiteElo "2514"]
[BlackElo "2407"]
[Annotator "ChessBase"]
[PlyCount "166"]
[EventDate "2019.10.17"]
[EventType "swiss"]
[EventCountry "RUS"]
[SourceTitle "playchess.com"]
[Source "ChessBase"]
[SourceQuality "1"]
[TimeControl "180+2"]

1. Nf3 {[%emt 0:00:00]} Nf6 {[%emt 0:00:00]} 2. g3 {[%emt 0:00:01]} g6 {[%emt 0:00:00]} 3. b3 {[%emt 0:00:00]} Bg7 {[%emt 0:00:00]} 4. Bb2 {[%emt 0:00:01]} O-O {[%emt 0:00:01]} 5. Bg2 {[%emt 0:00:04]} c5 {[%emt 0:00:00]} 6. c4 {[%emt 0:00:04]} Nc6 {[%emt 0:00:01]} 7. O-O {[%emt 0:00:02]} d6 {[%emt 0:00:11]} 8. d4 {[%emt 0:00:04]} cxd4 {[%emt 0:00:09]} 9. Nxd4 {[%emt 0:00:01]} Bd7 {[%emt 0:00:01]} 10. Nc3 {[%emt 0:00:13]} Qa5 {[%emt 0:00:01]} 11. e3 {[%emt 0:00:22]} Rfc8 {[%emt 0:00:05]} 12. Nd5 {[%emt 0:00:46]} Nxd5 {[%emt 0:00:10]} 13. Bxd5 {[%emt 0:00:02]} Rab8 {[%emt 0:00:36]} 14. Qe2 {[%emt 0:00:56]} Nxd4 {[%emt 0:00:18]} 15. Bxd4 {[%emt 0:00:02]} Bxd4 {[%emt 0:00:01]} 16. exd4 {[%emt 0:00:01]} e6 {[%emt 0:00:01]} 17. Bg2 {[%emt 0:00:07]} b5 {[%emt 0:00:00]} 18. Rfc1 {[%emt 0:00:19]} bxc4 {[%emt 0:00:01]} 19. Rxc4 {[%emt 0:00:18]} Bb5 {[%emt 0:00:03]} 20. Rxc8+ {[%emt 0:00:03]} Rxc8 {[%emt 0:00:01]} 21. Qb2 {[%emt 0:00:04]} Bd3 {[%emt 0:00:21]} 22. b4 {[%emt 0:00:08]} Qa6 {[%emt 0:00:15]} 23. a4 {[%emt 0:00:03]} Rc2 {[%emt 0:00:06]} 24. Qb3 {[%emt 0:00:01]} Qc4 {[%emt 0:00:30]} 25. Qxc4 {[%emt 0:00:01]} Rxc4 {[%emt 0:00:01]} 26. b5 {[%emt 0:00:00]} Rxd4 {[%emt 0:00:01]} 27. Rd1 {[%emt 0:00:01]} e5 {[%emt 0:00:16]} 28. Bf1 {[%emt 0:00:01]} e4 {[%emt 0:00:02]} 29. Bxd3 {[%emt 0:00:07]} exd3 {[%emt 0:00:01]} 30. a5 {[%emt 0:00:03]} Rb4 {[%emt 0:00:06]} 31. Rxd3 {[%emt 0:00:01]} Rxb5 {[%emt 0:00:01]} 32. Rxd6 {[%emt 0:00:01]} Rxa5 33. Kg2 {[%emt 0:00:02]} g5 {[%emt 0:00:01]} 34. Rd7 {[%emt 0:00:05]} Kg7 {[%emt 0:00:03]} 35. Kf3 {[%emt 0:00:02]} Ra4 {[%emt 0:00:01]} 36. h3 {[%emt 0:00:02]} h5 {[%emt 0:00:03]} 37. g4 {[%emt 0:00:01]} h4 {[%emt 0:00:18]} 38. Rd5 {[%emt 0:00:02]} Kg6 {[%emt 0:00:02]} 39. Rd6+ {[%emt 0:00:01]} f6 {[%emt 0:00:00]} 40. Rd7 {[%emt 0:00:00]} Ra3+ {[%emt 0:00:12]} 41. Kg2 {[%emt 0:00:01]} a5 {[%emt 0:00:00]} 42. Ra7 {[%emt 0:00:01]} a4 {[%emt 0:00:01]} 43. Kh2 {[%emt 0:00:02]} Rf3 {[%emt 0:00:05]} 44. Rxa4 {[%emt 0:00:04]} Rxf2+ {[%emt 0:00:00]} 45. Kg1 {[%emt 0:00:00]} Rb2 {[%emt 0:00:01]} 46. Ra7 {[%emt 0:00:04]} Re2 {[%emt 0:00:09]} 47. Kh1 {[%emt 0:00:03]} Re8 {[%emt 0:00:01]} 48. Kg2 {[%emt 0:00:01]} Rf8 {[%emt 0:00:01]} 49. Kf3 {[%emt 0:00:03]} Rf7 {[%emt 0:00:00]} 50. Ra8 {[%emt 0:00:02]} Re7 {[%emt 0:00:01]} 51. Rg8+ {[%emt 0:00:03]} Kf7 {[%emt 0:00:01]} 52. Ra8 {[%emt 0:00:01]} Rb7 {[%emt 0:00:01]} 53. Kg2 {[%emt 0:00:03]} Rd7 {[%emt 0:00:03]} 54. Ra6 {[%emt 0:00:02]} Ke7 {[%emt 0:00:01]} 55. Rb6 {[%emt 0:00:01]} Rd6 {[%emt 0:00:01]} 56. Rb5 {[%emt 0:00:03]} Ke6 {[%emt 0:00:01]} 57. Rf5 {[%emt 0:00:02]} Rd2+ {[%emt 0:00:06]} 58. Kg1 {[%emt 0:00:02]} Rd5 {[%emt 0:00:01]} 59. Rf2 {[%emt 0:00:03]} Rd4 {[%emt 0:00:13]} 60. Kg2 {[%emt 0:00:01]} Rf4 {[%emt 0:00:01]} 61. Ra2 {[%emt 0:00:02]} Rd4 {[%emt 0:00:03]} 62. Rf2 {[%emt 0:00:03]} Rd6 {[%emt 0:00:04]} 63. Re2+ {[%emt 0:00:02]} Kd5 {[%emt 0:00:02]} 64. Rf2 {[%emt 0:00:03]} Ke4 {[%emt 0:00:04]} 65. Rf5 {[%emt 0:00:01]} Rc6 {[%emt 0:00:01]} 66. Kh2 {[%emt 0:00:01]} Ke3 {[%emt 0:00:01]} 67. Kg2 {[%emt 0:00:02]} Re6 {[%emt 0:00:03]} 68. Rf3+ {[%emt 0:00:02]} Ke4 {[%emt 0:00:01]} 69. Rf5 {[%emt 0:00:00]} Ra6 {[%emt 0:00:00]} 70. Kh2 {[%emt 0:00:02]} Ra2+ {[%emt 0:00:04]} 71. Kg1 {[%emt 0:00:01]} Ra3 {[%emt 0:00:00]} 72. Kg2 {[%emt 0:00:03]} Rg3+ {[%emt 0:00:02]} 73. Kh2 {[%emt 0:00:03]} Rf3 {[%emt 0:00:01]} 74. Ra5 {[%emt 0:00:02]} Rf2+ {[%emt 0:00:04]} 75. Kg1 {[%emt 0:00:00]} Rf4 {[%emt 0:00:04]} 76. Kg2 {[%emt 0:00:02]} f5 {[%emt 0:00:04]} 77. gxf5 {[%emt 0:00:05]} Rxf5 {[%emt 0:00:01]} 78. Ra4+ {[%emt 0:00:02]} Ke5 {[%emt 0:00:02]} 79. Ra5+ {[%emt 0:00:01]} Kf6 {[%emt 0:00:01]} 80. Ra6+ {[%emt 0:00:00]} Kg7 {[%emt 0:00:02]} 81. Ra7+ {[%emt 0:00:02]} Kg6 {[%emt 0:00:01]} 82. Ra6+ {[%emt 0:00:00]} Rf6 {[%emt 0:00:00]} 83. Ra5 {[%emt 0:00:01]} Re6 {[%emt 0:00:05]} 1/2-1/2

[Event "RUS-ch Men Blitz 2019"]
[Site "Sochi"]
[Date "2019.10.17"]
[Round "11.13"]
[White "Morozevich, Alexander"]
[Black "Mikhailovsky, Vladimir"]
[Result "0-1"]
[WhiteElo "2659"]
[BlackElo "2209"]
[Annotator "TA"]
[PlyCount "60"]
[EventDate "2019.10.17"]
[EventType "swiss"]
[EventCountry "RUS"]
[SourceTitle "playchess.com"]
[Source "ChessBase"]
[SourceQuality "1"]

{[%evp 9,86,35,39,33,52,46,55,53,55,48,69,68,75,20,46,-77,-69,-76,-64,-76,27,-2,29,26,57,60,87,0,0,0,0,-66,22,-4,0,0,0,0,39,0,14,18,20,10,7,0,16,0,0,0,0,-86,-43,-49,-43,-85,-85,-139,-129,-143,-130,-132,-136,-143,-131,-156,-85,-313,-302,-427,-286,-29987,-29988,-29988,-29989,-29989,-29990,-29998,-29999]} 1. e4 c6 2. d4 g6 3. h4 h5 (3... d5 4. e5 h5 5. Nc3 Nh6 6. Bf4 a5 7. Bd2 a4 8. Nf3 Qa5 9. Bd3 Na6 10. O-O Nc7 11. b3 axb3 12. cxb3 {1-0 (53) Salem,A (2603)-Foisor,C (2390) Caleta 2015}) 4. Nf3 Bg7 5. Bd3 d5 6. Nbd2 $146 {B06: Modern Defence} ({Predecessor:} 6. e5 Bg4 7. c3 Bxf3 8. Qxf3 e6 9. Nd2 Nd7 10. Nf1 {½-½ (10) Zambo,Z (2358)-Molnar,B (2166) Hungary 2015}) 6... dxe4 7. Nxe4 Nf6 8. Neg5 {White is slightly better.} O-O 9. c3 Nbd7 10. O-O c5 11. Ne5 ({Better is} 11. Qb3 $16 Qb6 12. Qc4) 11... cxd4 12. cxd4 (12. Nexf7 $1 $14 {was forced to keep a grip.} Rxf7 13. Qb3 {[%mdl 64] Pin} (13. Nxf7 Kxf7 14. Bc4+ e6 $11) (13. Bxg6 Rf8 $14)) 12... Nxe5 $17 13. dxe5 Ng4 14. e6 f5 (14... Bxe6 $17 15. Nxe6 fxe6) 15. Bf4 Bxb2 (15... Qd4 $5 {[%cal Rd4f4]} 16. Qf3 Ne5 17. Bxe5 Bxe5 $11) 16. Rb1 $36 {[%mdl 2048] White is pushing.} Bf6 17. Qe2 {[%mdl 1024] White has compensation.} Qa5 18. Rb5 (18. f3 $1 $16 {[%cal Rf3g4]} Bd4+ 19. Kh1) 18... Qa4 $11 19. g3 b6 20. f3 (20. Rb3 $11) 20... Nh6 (20... Qd4+ $15 21. Kg2 Bb7) 21. Kg2 Ba6 22. Rd5 Bxd3 23. Rxd3 Kg7 24. Rfd1 Rac8 25. R1d2 Qc4 26. Qe3 Qc5 27. Qe2 Qc4 28. Be5 Ng8 29. Bxf6+ Nxf6 {[#]} 30. Nh3 {[#]} (30. Rd7 $1 $11 {[%mdl 512] keeps the balance.} Qxe2+ (30... Nxd7 31. Qxc4) 31. Rxe2 Nxd7 32. exd7) 30... Rfd8 {Played: Rc8-d8} 0-1